000 00925cam a2200277 i 4500
001 18009668
003 OSt
005 20250610134321.0
008 140116s2014 mau b 001 0 eng
010 _a 2014000382
020 _a9781625272225
040 _aDLC
_beng
_cDLC
_erda
_dDLC
042 _apcc
050 0 0 _aHD30.28
_b.C7325 2014
082 0 0 _a658.401
_bHAR/C
245 0 0 _aCreating business plans :
_bgather your resources, describe the opportunity, get buy-in.
264 1 _aBoston, Massachusetts :
_bHarvard Business Review Press,
_c[2014]
300 _aviii, 141 pages ;
_c18 cm.
336 _atext
_2rdacontent
337 _aunmediated
_2rdamedia
338 _avolume
_2rdacarrier
490 0 _a20-minute manager series
504 _aIncludes bibliographical references (page 135) and index.
650 0 _aBusiness planning.
942 _2ddc
_cBK
_h658.401
_iHAR/C
_k658.401
_mHAR/C
999 _c44557
_d44557